Statistics for Name a valid city - Big 4 sports edition

Click here to take the quiz!

General Stats

  • This quiz has been taken 22 times
  • The average score is 8 of 13

Answer Stats

HintAnswer% Correct
All big 4 sports teamsLos Angeles | New York | Detroit | Phoenix | Dallas | Minneapolis | Detroit | Philadelphia | Washington | Boston | Miami | Denver | Chicago
94%
Only a NBA teamPortland | Sacramento | Salt Lake City | Memphis | Orlando | Oklahoma City | San Antonio
88%
Only a NFL teamGreen Bay | Jacksonville
82%
Only a NHL teamVancouver | Calgary | Edmonton | Winnipeg | Ottawa | Montreal | San Jose | Raleigh | Columbus
82%
Only a NFL, MLB and NHL teamTampa | Pittsburgh | Seattle
71%
Only a NFL, MLB and NBA teamAtlanta | Houston | Cleveland | San Francisco
65%
Only a NFL and MLB teamKansas City | Baltimore | Cincinnati
65%
Only a NFL and NBA teamNew Orleans | Indianapolis | Charlotte
65%
Only a MLB teamSan Diego | Oakland
65%
Only a MLB, NHL and NBA teamToronto
53%
Only a NFL and NHL teamBuffalo | Nashville | Las Vegas
47%
Only a NBA and MLB teamMilwaukee
41%
Only a NHL and MLB teamSt. Louis
29%

Score Distribution

Percentile by Number Answered

Percent of People with Each Score

Your Score History

You have not taken this quiz